000 00776nam a22002657a 4500
003 CHAP
005 20220329135136.0
008 971013s1965 r 00010 d
010 _a31583
011 _a32555
035 _a36670
040 _cCHAP
082 _a323.35
_bC4
110 _aCREFAL
_928882
245 _aDocumentos sobre formación de personal para el desarrollo de la comunidad
260 _aPátzcuaro, Mich. :
_b(s.e.),
_c1965
300 _a166 h
590 _aBATCH-UPD
_b10
_c20130110
_lUCH01
_h2043
590 _aCONVERSION
_b10
_c20130109
_lUCH01
_h1318
650 1 4 _aDesarrollo de la comunidad.
_931967
650 1 4 _aDirigentes.
_932700
901 _aBK
942 _cLIBRO
949 _a323.35 C4
_bBC
_cLIBRO
_d33724000298642
_eLIBRO
_h31598
_i36670
_mD
_si
999 _c31583
_d31583